The Wild Thornberrys Characters by Image Quiz Stats

 Plays Quiz not verified by Sporcle

Score 0/8 Timer 02:00
0 Plays Today
Column and Row Character % Correct
A1Eliza
95.9%
A3Nigel
88.7%
A2Debbie
81.5%
B1Darwin
76.5%
B2Donnie
74.6%
A4Marianne
48.7%
B3Tyler
17%
B4Sophie
12.9%

You're not logged in!

Compare scores with friends on all Sporcle quizzes.
Join for Free
OR
Log In

You Might Also Like...

Show Comments

Extras

Top Quizzes Today


Score Distribution

Your Account Isn't Verified!

In order to create a playlist on Sporcle, you need to verify the email address you used during registration. Go to your Sporcle Settings to finish the process.

Report this User

Report this user for behavior that violates our Community Guidelines.

Details: